000 00634nam a22002417a 4500
001 86696
003 UA-OsUOA
005 20211105212004.0
007 ta
008 20120910b un ||||| |||| 00| 0 ukr d
040 _aUA-OsUOA
_brus
_cUA-OsUOA
_dUA-OsUOA
041 _arus
080 _a94(47+57)
090 _a94(47+57)
_bГ12
100 _aГаврилов Б. И.
245 _aВ борьбе за свободу
246 3 1 _aВосстание на броненосце "Потемкин"
260 _aМ.
_bМысль
_c1987
300 _a222 с.
650 7 _a94 Історія
_2UDC
942 _cBK
_2udc
955 _a2
999 _c372839
_d372839